| 000 | 00475nam a2200181Ia 4500 | ||
|---|---|---|---|
| 005 | 20260429111950.0 | ||
| 008 | 260429s9999||||xx |||||||||||||| ||und|| | ||
| 020 | _a9781319589936 | ||
| 041 | _aEnglish | ||
| 082 |
_a577 _bREL |
||
| 100 | _aRelyea, Rick | ||
| 245 | 0 |
_aEcology : _bthe economy of nature / _cRick Relyea |
|
| 250 | _a10th ed. | ||
| 260 |
_aUnited States : _bMacmillan Learning, _c2025. |
||
| 300 | _axxxii, 584 p.; pbk | ||
| 650 | _aEcology | ||
| 942 | _cTB | ||
| 999 |
_c51655 _d51655 |
||